Very Difficult Geography Trivia #005 - Statistics

General Stats
  • This quiz has been taken 197 times
    184 since last reset
  • The average score is 13 of 70
Answer Stats
Question Answer % Correct
Honiara is located on what most populous island of the Solomon Islands? It was the site of a pivotal World War II campaign that is considered the first major Allied offensive against Japan. Guadalcanal
45%
Turkmenistan's Darvaza gas crater (aka the "Gates of Hell") is located in what vast desert covering about 70% of the country? Karakum
40%
The hub for Copa Airlines is Tocumen International Airport, located in what world capital? Panama City
39%
What is the largest city in Central America that is not a capital city? Before being overtaken by Caracas, this city had the unfortunate nickname of "murder capital of the world". San Pedro Sula
39%
The oldest bank in the world, one of Italy's first publicly funded universities, and the Palio horse race held on the Piazza del Campo are some of the attractions located in what Tuscan town associated with Renaissance artists Simone Martini and Duccio? Siena
38%
Spanning parts of Courbevoie, Nanterre, and Puteaux, what is Europe's largest purpose-built business district? It notably features several glass and steel skyscrapers, including a Grande Arche that bears the name of this district. La Défense
36%
The Baháʼí World Centre and the Baháʼí Terraces that host the Shrine of the Báb are located in what seaport? Haifa
34%
The Fouta Djallon, a plateau region that serves as the primary source for many rivers, is located in what country? This country is also the namesake of a densely forested "Highlands" region that extends into neighboring countries. Guinea
32%
What "Paris of the Antilles" served as the capital of Haiti from 1811 to 1820? Citadelle Laferrière, considered the largest fortress in the Americas, was built on a mountain top sometimes visible from this city. Cap-Haïtien
30%
Now named for a Swedish monarch, what Caribbean territorial capital is recognizable by its distinctive red roofs and the three forts protecting its harbor, two of which are Fort Karl and Fort Oscar? Gustavia
30%
Known for its historical matchstick industry, what is the largest city located on Lake Vättern? Jönköping
30%
The current geological age, beginning approximately 4,200 years ago, is named for what Indian state? A stalagmite in this state's Mawmluh Cave provided chemical evidence of a 200-year "megadrought" at the onset of this age. Meghalaya
30%
The strait known in ancient times as the Cimmerian Bosporus, which represented the heart of the Greco-Scythian Bosporan Kingdom, is today better known by which other name? The Taman Peninsula is located on the eastern shore of this strait. Kerch Strait
29%
El Yunque National Forest, Culebra, and Plaza Las Delicias are some of the landmarks featured on an edition of Monopoly named for what location? Puerto Rico
27%
Sercquiais is the Norman dialect spoken on what car-free island? The International Dark-Sky Association designated this location as the world's first Dark Sky Island due to its strict light management. Sark
27%
Name either of the two northernmost Canadian civilian communities that were created in 1953 to assert Canadian sovereignty in the High Arctic. The stations of Alert and Eureka are not considered civilian settlements, as they are used for non-civilian purposes. Grise Fiord / Resolute
26%
A type of prehistoric burial mound common in the Pontic–Caspian steppe and a linguistic "hypothesis" that identifies the Yamnaya culture as a potential source for the spread of Indo-European languages give their name to what modern-day Russian city and oblast? Kurgan
26%
One of the largest cities starting with the letter "X" outside of China and Mexico is what town with a repetitive name? Formerly called João Belo, this city's local attractions include an eponymous beach and a nearby coral reef. Xai-Xai
26%
Inaugurated in 2024, which 678-meter-tall skyscraper in Kuala Lumpur has been recognized as the world's second-tallest building after the Burj Khalifa? Merdeka 118
25%
Named for its crescent shape and glow, what is the name of the estuary in Istanbul that separates the historic old city from the rest of the European side? Golden Horn
23%
What crescent-shaped sandbar located about 300 km southeast of Halifax, Nova Scotia, is famous for its wild horses? Known as the "Graveyard of the Atlantic", this area has an estimated 350 recorded shipwrecks. Sable Island
22%
The Spanish name of the French king who was the patron saint of King Philip II of Spain and the Bolivian town whose mines were the most significant source of silver during the Spanish colonial era give us, when combined, the name of what other city? San Luis Potosí
22%
The world's largest unbroken system of intertidal sand and mud flats is what body of water stretching almost 500 km along the coasts of the Netherlands, Germany, and Denmark? Wadden Sea
22%
The tulou, a series of rural dwellings consisting of massive fortified rammed-earth buildings in China’s Fujian province, were built between the 12th and 20th centuries by what Han sub-ethnic group primarily centered on Guangdong, Fujian and Jiangxi provinces? Hakka
21%
The 4.5-kilometer-long Nazi-era building complex of Prora is located on what island? In Civilization V, Prora is featured as a Wonder that can be built by civilizations that have adopted autocracy. Rügen
21%
The Eight Immortals of Chinese mythology are believed to live on a group of islands located in what body of water? A proposed undersea tunnel project across a strait named for this body of water would connect the Liaodong with the Shandong Peninsula. Bohai Sea
20%
The lake island of René-Levasseur and the Manicouagan Reservoir are together colloquially referred to by what three-word anatomical term, due to its near-perfect circular appearance as seen from space? Eye of Quebec
20%
British archeologist Kathleen Kenyon led the excavation of Tell es-Sultan, an archeological site located near which city that is still inhabited today? The oldest known stone tower in the world, built around 8000 BCE, is part of this city's fortifications. Jericho
20%
Located not far from the Boyoma Falls, Stanleyville is the former name of what large inland port, the capital of Tshopo Province? Kisangani
20%
What Fijian city had, prior to the opening of the BAPS Shri Swaminarayan Mandir in Johannesburg, the largest Hindu temple in the Southern hemisphere? This city is considered the center of Fijian Hinduism. Nadi
20%
Claimed by the U.S. under the Guano Islands Act, what small unincorporated territory in the Caribbean Sea between Jamaica and Haiti has been administered as a National Wildlife Refuge since 1999 due to its significant biodiversity? Navassa Island
20%
The three-level geocode standard developed by the European Union to divide its territory into comparable regions for collecting and harmonizing EU regional statistics is best known by what four-letter acronym? NUTS
20%
What Coahuila city is separated by the Nazas River from Gómez Palacio, Durango? Torreón
19%
Mainly spanning parts of counties Galway, Donegal, Kerry, and Cork, what nine-letter term refers to the areas in Ireland where the Irish language is the predominant community language? Gaeltacht
18%
What singular term refers to any large-scale design created on the ground using materials like stones, gravel, and earth? Notable examples include the Atacama Giant in Chile, the Blythe Intaglios in California, and the Marree Man in Australia. Geoglyph
18%
Commonly translated as a "county", what is the primary administrative division of Romania? Județ
18%
The idyllic crescent-shaped Bai Khem beach is located on what Vietnamese island, known for its sprawling resorts and soaring tourism industry? In 2021, this island was formally established as the first "island city" in Vietnam, allowing for more local autonomy. Phú Quốc
18%
Ukiyo-e artist Hiroshige made a series of woodcut prints titled "The Fifty-three Stations of the" what? Literally meaning "Eastern Sea Circuit", this term historically referred to Japan's most important highway during the Edo period and today refers to the high-speed rail line connecting Tōkyō and Shin-Ōsaka stations. Tōkaidō
17%
The result of a 1877 flood that shifted the river's course, what exclave is the only Iowa municipality situated on the west bank of the Missouri River? Carter Lake
16%
The stratovolcano also called Mount Egmont is officially referred to by what indigenous name? Mount Taranaki / Taranaki Maunga
16%
The site of a brutal armed conflict between Morocco and Spain during the 1920s, what mountainous and culturally distinct region in northern Morocco is home to a Berber group that speaks the Tarifit language? Rif
16%
What capital of Dalarna lends its name to the traditional deep red iron oxide paint used on wooden houses in Sweden and other Nordic countries? Falun
15%
Neotropical and Indomalayan are examples of what broadest type of terrestrial division, of which there are eight? Not to be confused with biomes, these terrestrial divisions explain how barriers such as oceans, deserts, and mountain ranges have caused flora and fauna to evolve in isolation. Biogeographic realm / Ecozone
14%
Serving as the administrative and religious center for a district, what word of Tibetan origin refers to a distinct type of fortress-monastery found primarily in Bhutan and Tibet? Often located on hills, they are characterized by whitewashed walls and intricate woodwork. Dzong
14%
What sans-serif typeface has a name derived from a Salishan word for Mount Rainier? Tahoma
14%
What train service that travels between Adelaide and Darwin is renowned as one of the world's greatest rail journeys? One etymology claims its name honors the cameleers from a certain country that helped build infrastructure in the Australian Outback. The Ghan
14%
The world's oldest functional Roman lighthouse is called the Tower of Hercules, as it was the alleged location where the eponymous hero slew the giant tyrant Geryon. This lighthouse is located on a peninsula at the entrance of which city's harbor? A Coruña
13%
What third-largest island in the Maluku archipelago was the former site of a notorious political prison camp for intellectuals? Pramoedya Ananta Toer wrote a four-volume historical epic named after this island while he was imprisoned there. Buru
13%
What geological formation in Morrill County, Nebraska, served as a road landmark for travelers on the Oregon, California, and Mormon trails? It is featured on the reverse side of Nebraska's state quarter. Chimney Rock
13%
Home to over 100,000 giant tortoises, what large coral atoll in the Seychelles also boasts local populations of frigatebirds and white-throated rails? Aldabra
11%
A small Gothic mansion on the Isle of Mull, Scotland, was the namesake of a Fort that later evolved into which modern-day city? This city is located at the confluence of the Bow and Elbow rivers. Calgary
11%
Rolling plains, cork oak forests, and vineyards are characteristic of what "breadbasket" region of Portugal? The districts of Beja, Évora, and Portalegre are located in this region. Alentejo
10%
" [...] ornamented by 41,000 enameled steel disks in shades of blue, green, and grey, cladding the spheres, like the mosaic Islamic patterns [...]". So are described, per UNESCO, water towers located in what city? Kuwait City
10%
What fifth-longest river in India, known as the "Life Line of Madhya Pradesh and Gujarat", forms the traditional boundary between North and South India? Narmada River
10%
The works of architect Aleijadinho such as the Church of Saint Francis of Assisi can be observed in what Minas Gerais town known for its preserved 18th-century Baroque Portuguese-styled architecture and cobbled streets? Ouro Preto
10%
The eighth Shia Imam is referenced in the name of what Iranian province? This Imam's mausoleum is located in Mashhad and constitutes one of the holiest sites in Shia Islam. Razavi Khorasan
10%
A waterfall in Uganda where the Nile River violently plunges through a wide gorge and an Australian meteorite that is believed to contain the oldest solid material found on Earth both share what name? Murchison
9%
What term refers to the artificial islands built on lake beds by Mesoamerican civilizations such as the Aztecs? Called "floating gardens" due to their appearance, these rectangular plots acted as sustainable self-watering systems, enabling multiple harvests per year. Chinampa
8%
The field of biospeleology (also known as cave biology) traces its origins to what Slovenian cave system where the blind cave beetle Leptodirus hochenwartii was first discovered in 1831? This discovery challenged the notion that caves were lifeless. Postojna Cave
8%
Athens' chief seaport of Piraeus is located on what gulf, which is bounded by the Attica and Argolis peninsulas? The decisive 480 BC naval battle of Salamis occurred in this body of water. Saronic Gulf
8%
The Angola–Namibia border is primarily formed by the Okavango River in the east and what river in the west? The Epupa and Ruacana Falls both lie on this river that shares its name with an Angolan province and a Namibian region. Cunene
7%
Located in Uttarakhand, what holy city on the Ganges is considered the "Yoga Capital of the World"? While its name is ultimately derived from Vishnu (the "Lord of the Senses"), the Sanskrit term for a sage in Indian religions may lead you to the correct answer. Rishikesh
7%
Pyeongchang, the host of the 2018 Winter Olympics, is located in what mountain range that forms the rugged backbone of the Korean Peninsula? Taebaek Mountains
7%
Considered overdue for an eruption since its last major prolonged event occurred in 1918, what Icelandic volcano is capped by the Mýrdalsjökull? A recent Netflix series named for this volcano follows the residents of Vík dealing with the aftermath of a year-long eruption. Katla
5%
What Chilean archipelago in the Drake Passage technically constitutes South America's southernmost point? It was named for the Spanish sailor who piloted the García de Nodal expedition that verified the Cape Horn route as a link between the Atlantic and Pacific oceans. Diego Ramírez Islands
4%
Considered one of the world's largest stilt villages, what Beninese town built entirely on water was founded by the Tofinu people? Alternatively, you may provide the name of the lake on which this "Venice of Africa" was built. Ganvié / Lake Nokoué
4%
Originating near Addis Ababa, what river flows through the Great Rift Valley before ending its course in Lake Abbe on the border with Djibouti? The remains of the australopithecus Lucy were discovered in the Afar Depression of this river's valley. Awash
2%
What Arabic term refers specifically to the traditional irrigation system used in Oman and the UAE to transport water from underground aquifers to homes and farms using gravity? It is related to the qanat system of Persian origin. Falaj / Aflaj
1%
What term of Russian origin refers to the sharp irregular snow ridges formed by wind erosion and deposition, often resembling wavy dunes? Sastrugi
1%
What sandstone mesa near Karima, Sudan, was considered the sacred home of the god Amun and the primary religious and political center of the historical Kingdom of Kush? Jebel Barkal
0%
No matching quizzes found
Score Distribution
Percent of People with Each Score
Percentile by Number Answered
Your Score History
You have not taken this quiz since the last reset